| 000 | 00516nam a22001817a 4500 | ||
|---|---|---|---|
| 003 | CEME | ||
| 005 | 20210628203046.0 | ||
| 008 | 210218b xxu||||| |||| 00| 0 eng d | ||
| 020 | _a0-471-12817-1 | ||
| 040 | _c. | ||
| 082 | _a620.0014 STE | ||
| 100 |
_aStevenson, Susan,Whitmore, Steve _963087 |
||
| 245 | _aStrategies for engineering communication | ||
| 260 |
_aNEW YORK _bJOHN WILEY _c2001 |
||
| 300 | _aIX,371P | ||
| 650 |
_aCOMMUNICATION IN ENGINEERING, ENGINEERING COMMUNICATION _963088 |
||
| 942 |
_cBK _2ddc |
||
| 999 |
_c572022 _d572022 |
||